टायगर स्लेअर बाय ऑर्डर (Record no. 833209)
[ view plain ]
| 000 -LEADER | |
|---|---|
| fixed length control field | 00637nam a2200169Ia 4500 |
| 008 - FIXED-LENGTH DATA ELEMENTS--GENERAL INFORMATION | |
| fixed length control field | 110201s9999 xx 000 0 und d |
| 082 ## - DEWEY DECIMAL CLASSIFICATION NUMBER | |
| Item number | B7699 |
| Classification number | S 1217 |
| 100 ## - MAIN ENTRY--PERSONAL NAME | |
| Personal name | शानबाग माधुरी |
| 245 ## - TITLE STATEMENT | |
| Title | टायगर स्लेअर बाय ऑर्डर |
| 260 ## - PUBLICATION, DISTRIBUTION, ETC. (IMPRINT) | |
| Name of publisher, distributor, etc | नवचैतन्य प्रकाशन |
| 365 ## - TRADE PRICE | |
| Price amount | 160 |
| 600 ## - SUBJECT ADDED ENTRY--PERSONAL NAME | |
| Personal name | शानबाग माधुरी |
| 630 ## - SUBJECT ADDED ENTRY--UNIFORM TITLE | |
| Uniform title | टायगर स्लेअर बाय ऑर्डर |
| 700 ## - ADDED ENTRY--PERSONAL NAME | |
| Personal name | शानबाग माधुरी |
| 730 ## - ADDED ENTRY--UNIFORM TITLE | |
| Uniform title | टायगर स्लेअर बाय ऑर्डर |
| 942 ## - ADDED ENTRY ELEMENTS (KOHA) | |
| Koha item type | Book |
| Withdrawn status | Lost status | Damaged status | Not for loan | Home library | Current library | Date acquired | Cost, normal purchase price | Total Checkouts | Barcode | Date last seen | Cost, replacement price | Price effective from | Koha item type |
|---|---|---|---|---|---|---|---|---|---|---|---|---|---|
| Prof.Manikrao Kirtane Vachanalaya, Vashi, Navi Mumbai | Prof.Manikrao Kirtane Vachanalaya, Vashi, Navi Mumbai | 02/01/2011 | 160.00 | PMKV-B7699 | 02/01/2011 | 160.00 | 02/01/2011 | Book |